000 00922nam a22003017a 4500
001 0045547
003 KOHA_MİRAKIL
005 20260207003448.0
007 ta
008 140127b1993 tu |||gr||||#||||1|tur |
020 _c0,01
040 _aTR-BiSEU
_btur
_cTR-BiSEU
_erda
041 0 _atur
044 _ctu
050 _aPR2819.A2
_bK73 1993
100 1 _aShakespeare, William.
245 1 _aKral Lear/
_cWilliam Shakespeare ; William Shakespeare ; çeviren Seniha Bedri Göknil.
264 1 _aİstanbul :
_bRemzi Kitabevi
_c1993
300 _a146 sayfa ;
_c19 cm.
336 _ametin
_btxt
_2rdacontent
337 _aaracısız
_bn
_2rdamedia
338 _acilt
_bnc
_2rdacarrier
490 1 _aDünya Muharrirlerinden Piyesler serisi ;
_v13
650 0 _aİngiliz draması.
_97775
650 0 _aEnglish drama.
_97777
830 1 _aDünya Muharrirlerinden Piyesler serisi ;
_v13
_983919
942 _2lcc
_cBK
999 _c45516
_d45516